| 000 | 01189nam a2200337 a 4500 | ||
|---|---|---|---|
| 003 | CHAP | ||
| 005 | 20220329143629.0 | ||
| 008 | 101026s2008 uf r 10000 eng d | ||
| 010 | _a99578 | ||
| 011 | _a100550 | ||
| 020 | _a978908686814 | ||
| 035 | _a111236 | ||
| 040 | _cCHAP | ||
| 082 | 1 | 4 |
_a636 _bC76 2008 |
| 111 | 2 |
_aCongress of the ISAE ( _n42 : _d2008 : _cDublín, Ireland) _927164 |
|
| 245 | 1 | 0 |
_aProceedings : _bapplied ethology addressing future challenges in animal agriculture _c/ editado por Laura Boyle, Niamh O'Connell y Alison Hanlon |
| 260 |
_aDublín : _bWageningen Academic, _c2008 |
||
| 300 | _a261 p. | ||
| 590 |
_aBATCH-UPD _b10 _c20130110 _lUCH01 _h1830 |
||
| 590 |
_aBATCH-UPD _b10 _c20130410 _lUCH01 _h1203 |
||
| 590 |
_aBATCH-UPD _b10 _c20130914 _lUCH01 _h0748 |
||
| 590 |
_aCONVERSION _b10 _c20130109 _lUCH01 _h1355 |
||
| 650 | 1 | 4 |
_aAnimales _xHabitos y conducta. _95865 |
| 650 | 1 | 4 |
_aGanadería. _944604 |
| 700 | 1 |
_aBoyle, Laura _e, ed. _914897 |
|
| 700 | 1 |
_aHanlon, Alison _e, ed. _952536 |
|
| 700 | 1 |
_aO'Connell, Niamh _e, ed. _982339 |
|
| 901 | _aBK | ||
| 942 | _cLIBRO | ||
| 949 |
_a636 C76 2008 _bBC _cCONG _d33724002119694 _eCONG _gI.c/e _h113683 _i111236 _sb _t$628.24 |
||
| 999 |
_c99578 _d99578 |
||